000 00596nam a22002057a 4500
005 20251108164901.0
008 250721s1988 xx 000 0 ara d
082 1 4 _a372.6/ناي
100 1 _aمعروف، نايف
245 1 0 _aدليل المعلم لتدريس المحفوظات /
264 1 _aبيروت :
_bدار النفائس،
_c1988.
300 _a40ص
650 1 7 _aالتعليم الإبتدائي
650 1 7 _aاللغة العربية
650 1 7 _aالدراسات
650 1 7 _aالتدريس
650 1 7 _aالمحفوظات
942 _2ddc
_cBK
999 _c16639
_d16639